EPIPHYSEAL GROWTH PLATE FRACTURES (Record no. 801245)

MARC details
000 -LEADER
fixed length control field 00360pam a2200157 a 4500
020 ## - INTERNATIONAL STANDARD BOOK NUMBER
International Standard Book Number 9783540338017
Terms of availability
041 ## - LANGUAGE CODE
Language code of text/sound track or separate title eng
082 ## - DEWEY DECIMAL CLASSIFICATION NUMBER
Classification number 617.3
Item number PET
100 ## - MAIN ENTRY--PERSONAL NAME
Personal name PETERSON H.A.
245 ## - TITLE STATEMENT
Title EPIPHYSEAL GROWTH PLATE FRACTURES
Medium Textual Documents
250 ## - EDITION STATEMENT
Edition statement 1.
260 ## - PUBLICATION, DISTRIBUTION, ETC.
Name of publisher, distributor, etc. SPRINGER
Date of publication, distribution, etc. 2007
300 ## - PHYSICAL DESCRIPTION
Extent 914:
Other physical details XIX;
Dimensions HB.
650 ## - SUBJECT ADDED ENTRY--TOPICAL TERM
Topical term or geographic name entry element ORTHO
930 ## - EQUIVALENCE OR CROSS-REFERENCE-UNIFORM TITLE HEADING [LOCAL, CANADA]
Uniform title 6718
Holdings
Withdrawn status Lost status Damaged status Not for loan Collection Home library Current library Date acquired Source of acquisition Cost, normal purchase price Total Checkouts Full call number Barcode Date last seen Copy number Price effective from Koha item type
          Medical College & Hospital, Sangli Medical College & Hospital, Sangli 18/03/2015 B.M.S.G.B.PUNE 37604.10   617.3 PET MCS-12322 26/07/2023 1 26/07/2023 Book